|
|
|
|
| LEADER |
00000nam0a2200000 4500 |
| 001 |
97777 |
| 005 |
20231031111108.0 |
| 035 |
|
|
|a (RuTPU)RU\TPU\book\104813
|
| 035 |
|
|
|a RU\TPU\book\44796
|
| 090 |
|
|
|a 97777
|
| 100 |
|
|
|a 20060605d1964 m y0rusy50 ca
|
| 101 |
0 |
|
|a rus
|
| 102 |
|
|
|a RU
|
| 105 |
|
|
|a a j 001zy
|
| 200 |
1 |
|
|a Термодинамика и теплопередача
|e учебник для авиационных вузов и факультетов
|f А. В. Болгарский, Г. А. Мухачев, В. К. Щукин
|
| 210 |
|
|
|a Москва
|c Высшая школа
|d 1964
|
| 215 |
|
|
|a 458 с.
|c ил.
|
| 451 |
|
1 |
|0 (RuTPU)RU\TPU\book\44796
|t Термодинамика и теплопередача
|o учебник для вузов
|f А. В. Болгарский, Г. А. Мухачев, В. К. Щукин
|e 2-е изд., перераб. и доп.
|c Москва
|n Высшая школа
|d 1975
|p 495 с.
|a Болгарский, Андрей Владимирович
|
| 610 |
1 |
|
|a физика
|
| 610 |
1 |
|
|a термодинамика
|
| 610 |
1 |
|
|a теплопередача
|
| 610 |
1 |
|
|a техническая термодинамика
|
| 610 |
1 |
|
|a законы
|
| 610 |
1 |
|
|a энтропия
|
| 610 |
1 |
|
|a реальные газы
|
| 610 |
1 |
|
|a пар
|
| 610 |
1 |
|
|a течения
|
| 610 |
1 |
|
|a двигатели внутреннего сгорания
|
| 610 |
1 |
|
|a газотурбинные установки
|
| 610 |
1 |
|
|a реактивные двигатели
|
| 610 |
1 |
|
|a паросиловые установки
|
| 610 |
1 |
|
|a холодильные машины
|
| 610 |
1 |
|
|a циклы
|
| 610 |
1 |
|
|a тепловой насос
|
| 610 |
1 |
|
|a химическая термодинамика
|
| 610 |
1 |
|
|a равновесие
|
| 610 |
1 |
|
|a диссоциация
|
| 610 |
1 |
|
|a теплообмен
|
| 610 |
1 |
|
|a теплопроводность
|
| 610 |
1 |
|
|a излучение
|
| 610 |
1 |
|
|a теплообменные аппараты
|
| 610 |
1 |
|
|a тепловая защита
|
| 610 |
1 |
|
|a учебники
|
| 675 |
|
|
|a 621.1.036.7(075.8)
|v 3
|
| 675 |
|
|
|a 621.1.036.2(075.8)
|v 3
|
| 700 |
|
1 |
|a Болгарский
|b А. В.
|g Андрей Владимирович
|
| 701 |
|
1 |
|a Мухачев
|b Г. А.
|g Геннадий Алексеевич
|
| 701 |
|
1 |
|a Щукин
|b В. К.
|g Виктор Константинович
|
| 801 |
|
1 |
|a RU
|b 63413507
|c 20021007
|g PSBO
|
| 801 |
|
2 |
|a RU
|b 63413507
|c 20191213
|g PSBO
|
| 942 |
|
|
|c BK
|